| 000 | 01126nam a22003017a 4500 | ||
|---|---|---|---|
| 001 | 8170 | ||
| 003 | FISKH | ||
| 005 | 20250901094541.0 | ||
| 008 | 250901b cb ||||| |||| 00| 0 eng d | ||
| 020 | _a9781453064566 | ||
| 040 |
_aFISKH _beng _cFISKH _dFISKH |
||
| 050 | _aPZ7.M768 A | ||
| 082 | _a 428 | ||
| 100 |
_aMontgomery, L.M _d(1874–1942) |
||
| 245 |
_aAnne of green gables / _cL.M. Montgomery ; Condensed and Adapted by Margaret DeKeyser ; Illustrated by Jerry Dillingham ; Lee Wing Painting Workshop |
||
| 250 | _aThis edition first published in 2013 | ||
| 260 |
_aNew York : _bDalmatian, _c2013 |
||
| 300 |
_a177 pages : _c21 cm |
||
| 505 | _aZ | ||
| 520 | _aAnne, an eleven-year-old orphan, is sent by mistake to live with a lonely, middle-aged brother and sister on a Prince Edward Island farm and proceeds to make an indelible impression on everyone around her. | ||
| 521 | 8 |
_a990
_bLexile |
|
| 521 | 8 |
_aZ
_bRaz-Plus |
|
| 650 |
_2 Prince Edward Island _aFiction |
||
| 650 |
_2Classics _aJunior Classics |
||
| 700 |
_aDillingham, Jerry _dillustrator |
||
| 942 |
_2ddc _cBK _n0 |
||
| 999 |
_c8170 _d8170 |
||